[Event "Flint (Class A/4)"]
[Site "?"]
[Date "1993.??.??"]
[Round "?"]
[White "Rosenberg, Steve"]
[Black "Triplett, Thomas"]
[Result "0-1"]
[WhiteElo "1805"]
[BlackElo "1925"]
[PlyCount "104"]
[EventDate "1993.??.??"]

1. e4 c5 2. Bc4 e6 3. c3 d6 4. d4 Nf6 5. dxc5 Nxe4 6. cxd6 Nxd6 7. Bb3 Be7 8.
Bf4 O-O 9. Qg4 e5 10. Qf3 exf4 11. Qxf4 Bg5 12. Qb4 Nc6 13. Qc5 Ne4 14. Qc4 Nd2
15. Nxd2 Qxd2+ 16. Kf1 Na5 17. Qb5 Nxb3 18. axb3 Qxb2 19. Re1 Bf6 20. c4 Bc3
21. Rd1 Qc2 22. Qd5 Qxb3 23. Qd3 Bf5 24. Qf3 Bc2 25. Rc1 Qxc4+ 26. Ne2 Bd2 27.
Rxc2 Qxc2 28. g3 Rfe8 29. h4 Qd1+ 30. Kg2 Qxe2 31. Qb3 Be1 32. Rf1 b5 33. h5
Qxh5 34. Qb1 Qe5 35. Rh1 Qe4+ 36. Qxe4 Rxe4 37. f4 b4 38. f5 f6 39. g4 b3 40.
g5 fxg5 41. f6 gxf6 42. Kf3 Re6 43. Rh2 Bc3 44. Kg4 b2 45. Kf5 Rb6 46. Kg4 b1=Q
47. Kh5 Kg7 48. Kg4 Rb4+ 49. Kf3 Qe4+ 50. Kf2 Rb2+ 51. Kg3 Be5+ 52. Kh3 Rxh2#
0-1

[Event "East Lansing (MOR/4/2)"]
[Site "?"]
[Date "1993.??.??"]
[Round "?"]
[White "Rosenberg, Steve"]
[Black "Sledge, Ernest"]
[Result "0-1"]
[WhiteElo "1725"]
[BlackElo "1770"]
[PlyCount "96"]
[EventDate "1993.??.??"]

{4/(2)} 1. e4 e5 2. Nf3 Nc6 3. Bc4 h6 4. d4 exd4 5. Nxd4 Be7 6. Nf5 Bf6 7. c3
Ne5 8. Bb3 Ne7 9. Ng3 O-O 10. O-O d6 11. Nh5 Bh4 12. h3 N7g6 13. f4 Nd7 14. Qd2
Nf6 15. f5 Nxh5 16. fxg6 Ng3 17. gxf7+ Kh8 18. Rf3 Bg5 19. Qc2 Bxc1 20. Rxg3
Qh4 21. Qd3 Bd7 22. e5 Bf5 23. Qxf5 Qxg3 24. Bc2 Qe1+ 25. Kh2 Qxe5+ 26. Qxe5
dxe5 27. a4 Rxf7 28. b4 Rf2 29. Be4 c6 30. Na3 Bf4+ 31. Kg1 Bg3 32. Nc4 Raf8
33. Bf3 Rc2 34. Na5 Rxc3 35. Nxb7 Rb3 36. Na5 Rxb4 37. Nxc6 Rb2 38. Nxa7 Bf2+
39. Kh2 Bxa7 40. a5 Rxf3 41. a6 Rff2 42. Kg3 Rxg2+ 43. Kf3 Ra2 44. Rb1 Rgf2+
45. Kg4 Rxa6 46. Kh5 Rg2 47. h4 g6+ 48. Kxh6 Be3# 0-1

[Event "Lansing (MI Am/5)"]
[Site "?"]
[Date "1993.??.??"]
[Round "?"]
[White "Rosenberg, Steve"]
[Black "Randel, D."]
[Result "1/2-1/2"]
[WhiteElo "1740"]
[BlackElo "1605"]
[PlyCount "128"]
[EventDate "1993.??.??"]

1. e4 c5 2. Bc4 a6 3. d4 cxd4 4. Qxd4 Nc6 5. Qd1 Nf6 6. Nc3 g6 7. Nf3 Bg7 8.
Bf4 d6 9. Qd2 O-O 10. Bh6 e6 11. Bxg7 Kxg7 12. O-O Nxe4 13. Nxe4 d5 14. Bxd5
exd5 15. Ng3 Be6 16. Rad1 Qb6 17. Qc3+ Kg8 18. h4 Rac8 19. h5 Qb4 20. Qf6 Qe7
21. Qf4 f6 22. hxg6 hxg6 23. Rfe1 g5 24. Nf5 gxf4 25. Nxe7+ Nxe7 26. Rxe6 Rf7
27. c3 Rc6 28. Re2 Rd6 29. Rd4 Ng6 30. Rd1 Re7 31. Red2 Red7 32. c4 Ne7 33. c5
Rc6 34. b4 b6 35. Nd4 Rc8 36. cxb6 Rb7 37. Re2 Kf7 38. Rde1 Ng6 39. a3 Rxb6 40.
Nf3 Rbc6 41. Rd2 Rd8 42. Red1 Rc3 43. Rd3 Rxd3 44. Rxd3 Ne5 45. Rd4 Nxf3+ 46.
gxf3 Ke6 47. Rxf4 Ke5 48. Rh4 d4 49. Kf1 Rc8 50. Re4+ Kd5 51. Ke2 Rc2+ 52. Ke1
Rc3 53. Rf4 Ke5 54. Re4+ Kd5 55. a4 Rxf3 56. Rh4 Rb3 57. b5 axb5 58. axb5 Rxb5
59. Kd2 Rb3 60. Rh8 Ke4 61. Rh4+ Ke5 62. Rh8 Ke4 63. Rh4+ Ke5 64. Rh8 Ke4
1/2-1/2

[Event "Flint (Class A/2)"]
[Site "?"]
[Date "1993.??.??"]
[Round "?"]
[White "Rosenberg, Steve"]
[Black "Morris, Jewell"]
[Result "1-0"]
[WhiteElo "1805"]
[BlackElo "1910"]
[PlyCount "90"]
[EventDate "1993.??.??"]

1. e4 c5 2. Bc4 Nc6 3. Nf3 d6 4. d4 cxd4 5. Nxd4 e6 6. Nc3 Nf6 7. O-O Be7 8.
Nf3 O-O 9. Qe2 a6 10. Rd1 Qc7 11. Bf4 e5 12. Be3 Bg4 13. h3 Bxf3 14. Qxf3 Nd4
15. Bxd4 Qxc4 16. Be3 Rac8 17. Bg5 Qe6 18. Rd2 Rc6 19. Nd5 Rfc8 20. Nxe7+ Qxe7
21. Rad1 Qe6 22. Bxf6 gxf6 23. Qg3+ Kh8 24. Qh4 Rg8 25. b3 Rg6 26. c4 b5 27.
cxb5 axb5 28. Rd5 b4 29. Rb5 Rc3 30. Kh2 Kg7 31. f3 Rc2 32. Rg1 Qc8 33. Rxb4
Qc3 34. Rc4 Qd2 35. Rxc2 Qxc2 36. Qe1 Qxa2 37. Qb1 Qf2 38. Qe1 Qc2 39. b4 Kf8
40. b5 Qb2 41. Qa5 Qf2 42. Qd8+ Kg7 43. b6 Qg3+ 44. Kh1 f5 45. b7 Rh6 1-0

[Event "East Lansing (MOR/7/2)"]
[Site "?"]
[Date "1993.??.??"]
[Round "?"]
[White "Rosenberg, Steve"]
[Black "Morabito, Matthew"]
[Result "1-0"]
[WhiteElo "1725"]
[BlackElo "1785"]
[PlyCount "147"]
[EventDate "1993.??.??"]

{7/(2)} 1. e4 c5 2. Nf3 Nc6 3. Nc3 d6 4. d3 Nf6 5. Be2 g6 6. Bg5 Bg7 7. Qd2 h5
8. h3 Be6 9. O-O a6 10. a3 Qd7 11. Kh2 Ng4+ 12. Kg1 Nge5 13. Nxe5 Nxe5 14. f4
Nc6 15. Na4 Qc7 16. Rab1 b5 17. Nc3 Qd7 18. Nd5 Bxd5 19. exd5 Nd4 20. c3 Nf5
21. Qe1 h4 22. Bg4 f6 23. Bxh4 Rxh4 24. Bxf5 Qxf5 25. Qxh4 Kf7 26. Qe1 Qxd5 27.
Qe4 Qxe4 28. dxe4 f5 29. exf5 gxf5 30. Rbe1 Rb8 31. Rf3 a5 32. b4 c4 33. Rd1
axb4 34. axb4 Rb6 35. Re3 e6 36. Ra1 d5 37. Ra7+ Kf8 38. Rg3 Bf6 39. Kf1 d4 40.
cxd4 Bxd4 41. Ke2 Rc6 42. Ra2 c3 43. Rc2 Rc4 44. Rd3 Rxb4 45. Kf3 Bf6 46. Rdxc3
Bxc3 47. Rxc3 Rb1 48. Rc7 b4 49. Kg3 b3 50. Rb7 b2 51. Kh4 Rf1 52. Rxb2 Rxf4+
53. Kg5 Re4 54. Kf6 Ke8 55. Rb7 Re2 56. Rg7 f4 57. h4 Rf2 58. Kxe6 Kf8 59. Rg4
Rf1 60. h5 Rh1 61. Rxf4+ Kg7 62. g4 Re1+ 63. Kf5 Ra1 64. Re4 Rf1+ 65. Kg5 Rf7
66. Rf4 Rb7 67. h6+ Kh7 68. Kh5 Rb1 69. g5 Rg1 70. g6+ Kg8 71. h7+ Kg7 72. Rf7+
Kh8 73. Rf8+ Kg7 74. h8=Q# 1-0

[Event "Flint (Class A/1)"]
[Site "?"]
[Date "1993.??.??"]
[Round "?"]
[White "Rosenberg, Steve"]
[Black "Michailoff, M."]
[Result "0-1"]
[WhiteElo "1805"]
[BlackElo "1905"]
[PlyCount "78"]
[EventDate "1993.??.??"]

1. e4 e5 2. Nf3 Nc6 3. Nc3 Nf6 4. Bc4 Bc5 5. O-O d6 6. h3 Be6 7. Bb3 O-O 8. d3
Na5 9. Bxe6 fxe6 10. a3 Nc6 11. b4 Bb6 12. Na4 Qe8 13. Bb2 Qg6 14. Nxb6 axb6
15. Qd2 h6 16. c4 Nh5 17. Kh2 Nf4 18. Ne1 Rf6 19. g3 Nh5 20. Rg1 Raf8 21. f4
Qf7 22. Ng2 g5 23. Raf1 Kh7 24. Rf2 Ne7 25. Rgf1 Ng6 26. f5 Ne7 27. g4 Nf4 28.
Nxf4 gxf4 29. Rg1 exf5 30. gxf5 Qh5 31. Rfg2 R6f7 32. f6 Ng8 33. Rg7+ Rxg7 34.
Rxg7+ Kh8 35. Rxc7 Nxf6 36. d4 Ng4+ 37. Kg2 Ne3+ 38. Kf2 Qxh3 39. Qe2 Qg3# 0-1

[Event "East Lansing (MOR/2/9)"]
[Site "?"]
[Date "1993.??.??"]
[Round "?"]
[White "Rosenberg, Steve"]
[Black "Cooper, Willie"]
[Result "1-0"]
[WhiteElo "1725"]
[BlackElo "1605"]
[PlyCount "73"]
[EventDate "1993.??.??"]

{2/(9)} 1. e4 c5 2. Nf3 Nc6 3. d4 cxd4 4. Nxd4 d6 5. Nc3 e5 6. Nf3 Nf6 7. Bc4
Be7 8. O-O O-O 9. Nd2 Nd4 10. Ne2 b5 11. Nxd4 bxc4 12. Nc6 Qc7 13. Nxe7+ Qxe7
14. Re1 Be6 15. Nf1 Nd7 16. b3 Rac8 17. Ba3 Nc5 18. Ne3 f5 19. Nxf5 Bxf5 20.
exf5 Rxf5 21. bxc4 Qe6 22. Qd5 Qxd5 23. cxd5 Nb7 24. Re2 Rc3 25. Bb4 Rc4 26.
Rb1 e4 27. g4 Rxd5 28. Ba3 Na5 29. Rb8+ Kf7 30. Rd8 Ke6 31. Ra8 Nc6 32. f3 Ra5
33. Bb2 Rxa2 34. Bxg7 Kf7 35. Bh6 exf3 36. Rf8+ Kg6 37. Re6# 1-0

[Event "Lansing (MI Am/2)"]
[Site "?"]
[Date "1993.??.??"]
[Round "?"]
[White "Rosenberg, Steve"]
[Black "Boyle, John"]
[Result "1-0"]
[WhiteElo "1740"]
[BlackElo "1605"]
[PlyCount "43"]
[EventDate "1993.??.??"]

1. e4 c5 2. Nf3 d6 3. Bc4 Nf6 4. Nc3 g6 5. e5 dxe5 6. Nxe5 e6 7. Qf3 Bg7 8.
Bb5+ Nbd7 9. Bxd7+ Bxd7 10. Qxb7 O-O 11. O-O Qe7 12. Nc6 Qd6 13. Na5 Rab8 14.
Qf3 Nd5 15. Nc4 Qa6 16. Ne3 Nb4 17. Rb1 Nxa2 18. Ra1 Bxc3 19. dxc3 e5 20. Nd5
Be6 21. Qf6 Rfe8 22. Bh6 1-0

[Event "East Lansing (MOR/6/5)"]
[Site "?"]
[Date "1993.??.??"]
[Round "?"]
[White "Rosenberg, Steve"]
[Black "Basas, J."]
[Result "1-0"]
[WhiteElo "1725"]
[BlackElo "1650"]
[PlyCount "121"]
[EventDate "1993.??.??"]

{6/(5)} 1. e4 e5 2. Nf3 Nc6 3. Bc4 Bc5 4. O-O d6 5. d3 h6 6. Be3 Nf6 7. Bxc5
dxc5 8. Bb5 Qe7 9. Nbd2 O-O 10. Bxc6 bxc6 11. h3 Ba6 12. Re1 Rad8 13. b3 Nh7
14. Qc1 Ng5 15. Qb2 Rfe8 16. Nxg5 hxg5 17. Re3 Bc8 18. g4 Rd6 19. Qa3 Rh6 20.
Qxa7 Be6 21. Qa3 Qd7 22. Rg3 f6 23. Qxc5 Kf7 24. Kg2 Reh8 25. f3 g6 26. Nc4 Rb8
27. a4 Rhh8 28. Rh1 Rb7 29. Kf1 Rhb8 30. h4 Rh8 31. h5 Kg7 32. h6+ Kh7 33. Ne3
Re8 34. Qc3 Qd6 35. Nc4 Qc5 36. Rg2 Rd8 37. Rd2 Rd4 38. Qa5 Qe7 39. Qa8 Bxc4
40. Qxb7 Be6 41. Ke2 Rd6 42. a5 Qd8 43. Ra1 Bc8 44. Qb8 Ba6 45. Qxd8 Rxd8 46.
Ke3 c5 47. c3 Rb8 48. Ra3 Rb7 49. d4 cxd4+ 50. cxd4 exd4+ 51. Rxd4 Kxh6 52. Rd7
Rb5 53. Rxc7 Re5 54. Rc6 Bb7 55. Rxf6 Rb5 56. a6 Ba8 57. a7 Rb7 58. Rf8 Rc7 59.
Rxa8 Rxa7 60. Rh8+ Rh7 61. Rxh7+ 1-0

[Event "Lansing (MI Am/3)"]
[Site "?"]
[Date "1993.??.??"]
[Round "?"]
[White "Rosekrans, R."]
[Black "Nixon, Peter"]
[Result "1-0"]
[WhiteElo "1800"]
[BlackElo "1605"]
[PlyCount "59"]
[EventDate "1993.??.??"]

1. Nf3 Nf6 2. g3 d5 3. d4 g6 4. Bg2 Bg7 5. O-O O-O 6. Bg5 Nbd7 7. Nbd2 Re8 8.
c3 b6 9. Qc2 Bb7 10. Rfe1 e5 11. dxe5 Nxe5 12. Nxe5 Rxe5 13. Bf4 Re8 14. e4
dxe4 15. Nxe4 Nxe4 16. Bxe4 Bxe4 17. Rxe4 c5 18. Rd1 Qc8 19. Rxe8+ Qxe8 20. Qd3
Bf6 21. Bc7 Rc8 22. Qd7 Kf8 23. Bd6+ Kg8 24. Qxa7 Qe2 25. Rb1 Qc2 26. Re1 Qxb2
27. Qd7 Bxc3 28. Qxc8+ Kg7 29. Qe8 Bxe1 30. Be5+ 1-0

[Event "Lansing (MI Am/5)"]
[Site "?"]
[Date "1993.??.??"]
[Round "?"]
[White "Rosekrans, R."]
[Black "Maul, Tim"]
[Result "1/2-1/2"]
[WhiteElo "1800"]
[BlackElo "1605"]
[PlyCount "141"]
[EventDate "1993.??.??"]

1. Nf3 Nf6 2. d4 d5 3. c4 e6 4. Nc3 c6 5. Bg5 Be7 6. e3 Nbd7 7. Bd3 dxc4 8.
Bxc4 O-O 9. Rc1 c5 10. O-O cxd4 11. Nxd4 Nb6 12. Bb3 Nfd5 13. Bxe7 Qxe7 14.
Nxd5 Nxd5 15. Qe2 Bd7 16. Nf5 Qf6 17. Nd6 Bc6 18. Rfd1 Qg6 19. f3 Nb6 20. Rd4
Rad8 21. Rcd1 Nd5 22. Nc4 Qf6 23. Qd2 e5 24. Rd3 Rd7 25. e4 Nb6 26. Nxb6 Rxd3
27. Qxd3 axb6 28. Qd6 Qxd6 29. Rxd6 Rc8 30. Kf2 Kf8 31. Ke3 Ke7 32. Rd2 f6 33.
g3 Rd8 34. Rxd8 Kxd8 35. Bg8 h6 36. Bd5 Kd7 37. Bxc6+ bxc6 38. Kd3 Kd6 39. Kc4
Ke6 40. b4 b5+ 41. Kc5 Kd7 42. Kb6 Kd6 43. f4 Kd7 44. f5 Kd6 45. g4 Kd7 46. h4
Kd6 47. Kb7 Kd7 48. a3 Kd6 49. Kc8 c5 50. bxc5+ Kxc5 51. Kd7 Kc4 52. Ke7 Kb3
53. Kf7 Kxa3 54. Kxg7 b4 55. Kxf6 b3 56. Kg7 b2 57. f6 b1=Q 58. f7 Qb7 59. Kg8
Qb3 60. Kg7 Qb7 61. g5 hxg5 62. hxg5 Qxe4 63. f8=Q+ Qb4 64. g6 e4 65. Qf4 Qc3+
66. Kh6 Qc6 67. Qe3+ Kb4 68. Kh7 Qd7+ 69. g7 Qf5+ 70. Kh8 Qh5+ 71. Kg8 1/2-1/2

[Event "Lansing (MI Am/1)"]
[Site "?"]
[Date "1993.??.??"]
[Round "?"]
[White "Rosekrans, R."]
[Black "Foote, Greg"]
[Result "0-1"]
[WhiteElo "1800"]
[BlackElo "1605"]
[PlyCount "146"]
[EventDate "1993.??.??"]

1. Nf3 Nc6 2. d4 Nf6 3. c4 g6 4. Nc3 d5 5. cxd5 Nxd5 6. e4 Nxc3 7. bxc3 Bg7 8.
h3 O-O 9. Qc2 e5 10. d5 Ne7 11. Bc4 c6 12. Bg5 cxd5 13. Bxd5 Qc7 14. Bxe7 Qxe7
15. Rb1 Rb8 16. O-O Be6 17. c4 Rfc8 18. Qb3 Rc7 19. Rfc1 b6 20. Qe3 Rbc8 21.
Ne1 Qf8 22. Qb3 Bxd5 23. exd5 Qd6 24. Nd3 e4 25. Nb4 Bd4 26. Nc6 Qc5 27. Rc2 e3
28. fxe3 Bxe3+ 29. Kh1 Bh6 30. Re1 Qd6 31. Rce2 Bf8 32. Re4 Qd7 33. Qe3 Bc5 34.
Qe2 Rf8 35. a4 f5 36. Re6 Qf7 37. Qe5 Rd7 38. d6 Qg7 39. Qd5 Qf7 40. Qe5 Qg7
41. Qxg7+ Kxg7 42. Re7+ Rf7 43. Rxd7 Rxd7 44. Re7+ Rxe7 45. dxe7 Kf7 46. Nxa7
Kxe7 47. Nb5 Ke6 48. g3 Ke5 49. Kg2 g5 50. Kf3 h6 51. g4 f4 52. Nc7 Kd4 53.
Ne6+ Kxc4 54. h4 Be7 55. hxg5 hxg5 56. Ke4 Kb4 57. Nd4 Kxa4 58. Kd3 b5 59. Nf3
b4 60. Kc4 Ka3 61. Nd2 Bf8 62. Nb3 f3 63. Nd2 f2 64. Kd3 b3 65. Ke2 Bc5 66. Kd3
b2 67. Kc2 Ka2 68. Nb1 f1=Q 69. Nc3+ Ka1 70. Kb3 b1=Q+ 71. Nxb1 Qxb1+ 72. Kc3
Qb4+ 73. Kc2 Qxg4 0-1

[Event "Lansing (MI Am/2)"]
[Site "?"]
[Date "1993.??.??"]
[Round "?"]
[White "Rosebrook, G."]
[Black "Viel, M."]
[Result "0-1"]
[WhiteElo "1605"]
[BlackElo "1605"]
[PlyCount "116"]
[EventDate "1993.??.??"]

1. e4 e5 2. Nf3 Nc6 3. Bc4 h6 4. c3 Nf6 5. d3 d5 6. exd5 Nxd5 7. O-O Bc5 8.
Nxe5 Nxe5 9. d4 Bxd4 10. cxd4 Ng4 11. Re1+ Ne7 12. Nc3 O-O 13. Qf3 Nc6 14. Be3
Nxd4 15. Bxd4 Qxd4 16. Re4 Qd7 17. Rd1 Qf5 18. Rf4 Ne5 19. Qe4 Qxe4 20. Rxe4
Nxc4 21. Rxc4 c6 22. Rh4 Re8 23. h3 b6 24. Rhd4 Bf5 25. g4 Bg6 26. Kg2 a5 27.
b3 b5 28. Rd7 f5 29. Rc7 Rac8 30. Rdd7 Rxc7 31. Rxc7 Re6 32. f4 fxg4 33. hxg4
Be8 34. Kf3 Rd6 35. Ke3 Kf8 36. Ne4 Rd1 37. f5 Ra1 38. Nc5 Rxa2 39. Ne6+ Kg8
40. Nxg7 Bf7 41. f6 a4 42. Nf5 Bxb3 43. Nxh6+ Kh8 44. f7 Kg7 45. Rxc6 Bxf7 46.
Nf5+ Kg8 47. Nd6 b4 48. Rc7 Bg6 49. Nc4 b3 50. Rb7 Bc2 51. Rb8+ Kf7 52. Kd2
Bf5+ 53. Kc1 Rc2+ 54. Kb1 Rxc4+ 55. gxf5 Kf6 56. Rb5 Rf4 57. Kb2 Rxf5 58. Ka3
Rxb5 0-1

[Event "Eastpointe (EDO/3/20)"]
[Site "?"]
[Date "1993.??.??"]
[Round "?"]
[White "Rosebrook, G."]
[Black "Sturgis, Derreck"]
[Result "1-0"]
[WhiteElo "1605"]
[BlackElo "1605"]
[PlyCount "59"]
[EventDate "1993.??.??"]

{3/(20)} 1. e4 c5 2. d4 cxd4 3. c3 dxc3 4. Nxc3 e6 5. Nf3 Bb4 6. Qd4 Bxc3+ 7.
Qxc3 Nf6 8. Bg5 h6 9. Bf4 O-O 10. Bd3 d5 11. Bc7 Qe7 12. e5 Nfd7 13. Bd6 Qe8
14. Rc1 Nc6 15. Bb5 f6 16. Bxf8 Qxf8 17. Bxc6 bxc6 18. Qxc6 Qb4+ 19. Rc3 Nxe5
20. Nxe5 d4 21. Qe8+ Kh7 22. Qg6+ Kg8 23. Nd3 Qd6 24. Qe8+ Qf8 25. Qxf8+ Kxf8
26. Rc7 a6 27. O-O Rb8 28. Rfc1 Bb7 29. Nc5 Bd5 30. Nd7+ 1-0

[Event "Flint (MI Senior/4)"]
[Site "?"]
[Date "1993.??.??"]
[Round "?"]
[White "Rosebrook, G."]
[Black "Rostrom, Richard"]
[Result "0-1"]
[WhiteElo "1605"]
[BlackElo "1610"]
[PlyCount "66"]
[EventDate "1993.??.??"]

1. e4 c5 2. Nf3 d6 3. c3 Nf6 4. Qc2 g6 5. d4 cxd4 6. cxd4 Bg7 7. Bb5+ Bd7 8.
Bd3 O-O 9. Nbd2 Nc6 10. O-O Nb4 11. Qb3 Nxd3 12. Qxd3 a6 13. Re1 b5 14. h3 Qb6
15. Nb3 Rfc8 16. Be3 Qb7 17. d5 a5 18. a3 a4 19. Nbd2 Rc7 20. Nd4 Rac8 21. Nb1
b4 22. b3 axb3 23. Nxb3 Bb5 24. Qd2 Nxe4 25. Qxb4 Rc4 26. Qa5 Ba4 27. Nc5 Nxc5
28. Bxc5 R4xc5 29. Qxa4 Bxa1 30. Kh2 Be5+ 31. g3 Qxd5 32. Rd1 Qf3 33. Rd2 Rc1
0-1

[Event "East Lansing (MOR/1a/7)"]
[Site "?"]
[Date "1993.??.??"]
[Round "?"]
[White "Rosebrook, G."]
[Black "Rosenberg, Steve"]
[Result "0-1"]
[WhiteElo "1605"]
[BlackElo "1725"]
[PlyCount "54"]
[EventDate "1993.??.??"]

1. e4 Nf6 2. Nc3 e5 3. Nf3 d6 4. d4 exd4 5. Nxd4 Be7 6. Be2 O-O 7. O-O Nbd7 8.
Re1 Nc5 9. Bf3 c6 10. Rb1 Ncd7 11. Nf5 Ne5 12. Nxe7+ Qxe7 13. h3 Ne8 14. b3 Qf6
15. Be2 Qg6 16. Kh2 f5 17. Bh5 Qf6 18. Bb2 fxe4 19. Nxe4 Qf4+ 20. g3 Qf5 21.
Bxe8 Qxh3+ 22. Kg1 Nf3+ 23. Qxf3 Rxf3 24. Bf7+ Rxf7 25. Ng5 Qf5 26. Re8+ Rf8
27. Rxf8+ Kxf8 0-1

[Event "Troy (TCC/C/2/9)"]
[Site "?"]
[Date "1993.??.??"]
[Round "?"]
[White "Rosebrook, G."]
[Black "Purkey, L."]
[Result "0-1"]
[WhiteElo "1605"]
[BlackElo "1605"]
[PlyCount "66"]
[EventDate "1993.??.??"]

{2/(9)} 1. e4 g6 2. Nf3 Bg7 3. d4 d6 4. c3 Nf6 5. Bc4 Nxe4 6. O-O O-O 7. Re1
Nf6 8. h3 Nbd7 9. a3 Re8 10. Ng5 d5 11. Bb3 e5 12. Be3 e4 13. c4 h6 14. Nxf7
Kxf7 15. cxd5 Nb6 16. d6+ Be6 17. dxc7 Qxc7 18. Nc3 Bxb3 19. Qxb3+ Qc4 20. Qd1
Nfd5 21. Rc1 Nxc3 22. Rxc3 Qd5 23. Qg4 Rac8 24. Rec1 Qf5 25. Qd1 Rxc3 26. Rxc3
Kg8 27. Rc7 Qd5 28. Rc5 Qd7 29. g4 Kh7 30. h4 Nd5 31. Kg2 Nxe3+ 32. fxe3 Rf8
33. Rc2 Rf3 0-1

[Event "Eastpointe (EDO/4/16)"]
[Site "?"]
[Date "1993.??.??"]
[Round "?"]
[White "Rosebrook, G."]
[Black "Papanichola, D."]
[Result "1-0"]
[WhiteElo "1605"]
[BlackElo "1695"]
[PlyCount "66"]
[EventDate "1993.??.??"]

{4/(16)} 1. e4 d5 2. exd5 Qxd5 3. Nc3 Qa5 4. Nf3 Nf6 5. Bc4 Bg4 6. O-O Nbd7 7.
d4 Nb6 8. Bxf7+ Kxf7 9. Ne5+ Qxe5 10. dxe5 Bxd1 11. Rxd1 Nfd7 12. Bf4 e6 13. b3
Bb4 14. Ne4 Rhf8 15. Ng5+ Ke7 16. Bg3 h6 17. Ne4 Rf5 18. a3 Bc5 19. b4 Bxf2+
20. Bxf2 Rxe5 21. Rd4 Nf6 22. Nc5 Rf8 23. Nxb7 Nbd5 24. Rd3 Re2 25. Bc5+ Kf7
26. Bxf8 Kxf8 27. Nc5 Ke7 28. Kf1 Nf4 29. Rf3 N6d5 30. Re1 Rxe1+ 31. Kxe1 Nxg2+
32. Kf2 Nh4 33. Rd3 e5 1-0

[Event "Gaylord (NMO/1/11)"]
[Site "?"]
[Date "1993.??.??"]
[Round "?"]
[White "Rosebrook, G."]
[Black "Motiejunas, A."]
[Result "0-1"]
[WhiteElo "1605"]
[BlackElo "1825"]
[PlyCount "66"]
[EventDate "1993.??.??"]

{1/(11)} 1. e4 c6 2. d4 d5 3. e5 Bf5 4. Nf3 h6 5. Nc3 e6 6. Bf4 Ne7 7. Qd2 Nd7
8. Be2 Ng6 9. Bg3 Bb4 10. O-O O-O 11. a3 Ba5 12. b4 Bc7 13. Rfe1 b6 14. h3 a5
15. b5 c5 16. a4 Rc8 17. Nd1 Be4 18. Nh2 cxd4 19. Bd3 Bxd3 20. Qxd3 Ndxe5 21.
Qxd4 Nc4 22. Nf3 Bxg3 23. fxg3 Qc7 24. Nf2 Nd6 25. Ne5 Nf5 26. Qb2 Nxe5 27.
Rxe5 Qxc2 28. Qxc2 Rxc2 29. g4 Ne7 30. Rf1 Rfc8 31. Nd3 Ng6 32. Ree1 Ra2 33.
Ra1 Rcc2 0-1

[Event "Gaylord (NMO/3/21)"]
[Site "?"]
[Date "1993.??.??"]
[Round "?"]
[White "Rosebrook, G."]
[Black "Morio, J."]
[Result "0-1"]
[WhiteElo "1605"]
[BlackElo "1605"]
[PlyCount "70"]
[EventDate "1993.??.??"]

{3/(21)} 1. e4 e5 2. Nc3 Nf6 3. Nf3 d5 4. exd5 Nxd5 5. Nxe5 Nxc3 6. bxc3 Bd6 7.
Nf3 O-O 8. Be2 Nc6 9. d4 Bg4 10. Qd3 h6 11. O-O Qf6 12. Qb5 Rab8 13. d5 Ne5 14.
Nxe5 Qxe5 15. f4 Qxe2 16. Qxe2 Bxe2 17. Re1 Rbe8 18. h3 Bc5+ 19. Kh2 Bc4 20.
Rd1 Bf2 21. Ba3 Be2 22. Rdb1 b6 23. Bxf8 Kxf8 24. g3 Bc4 25. Kg2 Re2 26. Rd1
Bc5+ 27. Kf3 Rf2+ 28. Kg4 Be2+ 29. Kf5 Bxd1 30. Rxd1 g6+ 31. Kg4 h5+ 32. Kg5
Kg7 33. Re1 Rg2 34. g4 f6+ 35. Kh4 Bf2# 0-1

[Event "Troy (TCC/C/4/12)"]
[Site "?"]
[Date "1993.??.??"]
[Round "?"]
[White "Rosebrook, G."]
[Black "Lane, T."]
[Result "1-0"]
[WhiteElo "1605"]
[BlackElo "1605"]
[PlyCount "59"]
[EventDate "1993.??.??"]

{4/(12)} 1. e4 c5 2. Nf3 d6 3. c3 Nf6 4. Qc2 Qc7 5. d4 cxd4 6. Nxd4 e5 7. Bb5+
Nbd7 8. Nf5 a6 9. Bd3 Nc5 10. Ng3 Nxd3+ 11. Qxd3 Be7 12. Nd2 O-O 13. O-O Be6
14. Re1 Rac8 15. Qc2 b5 16. Ne2 Qb6 17. b4 Rc6 18. a4 Rfc8 19. axb5 axb5 20.
Nf3 Bg4 21. Be3 Qc7 22. Ra7 Qd8 23. Rd1 Bxf3 24. gxf3 Nh5 25. Qa2 Nf4 26. Nxf4
exf4 27. Bxf4 Rxc3 28. Bxd6 Bxd6 29. Qxf7+ Kh8 30. Qxg7# 1-0

[Event "Lansing (MI Am/4)"]
[Site "?"]
[Date "1993.??.??"]
[Round "?"]
[White "Rosebrook, G."]
[Black "Iyer, Krishnan"]
[Result "1-0"]
[WhiteElo "1605"]
[BlackElo "1605"]
[PlyCount "91"]
[EventDate "1993.??.??"]

1. e4 e6 2. Nf3 d5 3. e5 c5 4. c3 f6 5. d4 Nc6 6. Bb5 Bd7 7. Bxc6 Bxc6 8. Nbd2
c4 9. Rb1 a5 10. Qe2 Qe7 11. Nh4 fxe5 12. Qh5+ Qf7 13. Qxf7+ Kxf7 14. dxe5 g5
15. Nhf3 Bg7 16. Nxg5+ Ke7 17. Ndf3 h6 18. Nh3 Kd7 19. Bf4 Ne7 20. O-O b5 21.
Nd4 Ng6 22. Rfe1 Rhf8 23. Bg3 b4 24. Nc2 Rab8 25. f4 bxc3 26. bxc3 Rxb1 27.
Rxb1 h5 28. Nd4 h4 29. Rb6 Rc8 30. Bf2 Bf8 31. Ng5 Bc5 32. Rxc6 Rxc6 33. Nxc6
Bxf2+ 34. Kxf2 Kxc6 35. Nxe6 Kb5 36. Ke3 Ka4 37. Kd4 Ne7 38. Kc5 Ka3 39. Kb5 a4
40. Nd4 Kxa2 41. Kxa4 Kb2 42. Kb4 Kc1 43. g4 Kd2 44. f5 Ke3 45. f6 Ng6 46. e6
1-0

[Event "East Lansing (MOR/4/40)"]
[Site "?"]
[Date "1993.??.??"]
[Round "?"]
[White "Rosebrook, G."]
[Black "Holland, K."]
[Result "0-1"]
[WhiteElo "1605"]
[BlackElo "1605"]
[PlyCount "50"]
[EventDate "1993.??.??"]

{4/(40)} 1. e4 e5 2. Nf3 Nc6 3. Bc4 Bc5 4. O-O Nf6 5. Re1 O-O 6. c3 d5 7. exd5
Nxd5 8. Nxe5 Nxe5 9. Rxe5 Be6 10. d4 Be7 11. Bd3 b6 12. Bxh7+ Kxh7 13. Qd3+ Kg8
14. Nd2 Bd6 15. Re1 Nf4 16. Qc2 Nxg2 17. Nf3 Nxe1 18. Nxe1 Bh3 19. Nf3 Qf6 20.
Ng5 Bf5 21. Qd1 Qg6 22. Kf1 Rae8 23. h4 Bh2 24. h5 Qxg5 25. Bxg5 Bh3# 0-1

[Event "Gaylord (NMO/5/21)"]
[Site "?"]
[Date "1993.??.??"]
[Round "?"]
[White "Rosebrook, G."]
[Black "Foord, Allan"]
[Result "0-1"]
[WhiteElo "1605"]
[BlackElo "1615"]
[PlyCount "104"]
[EventDate "1993.??.??"]

{5/(21)} 1. e4 c5 2. Nf3 d6 3. c3 Nf6 4. Qc2 Bg4 5. e5 Bxf3 6. exf6 Bc6 7. fxg7
Bxg7 8. Bd3 h5 9. O-O Nd7 10. Bf5 e6 11. Re1 Qf6 12. Bh3 O-O-O 13. Na3 d5 14.
d3 Ne5 15. d4 cxd4 16. cxd4 Ng4 17. f3 Qxd4+ 18. Kf1 Nxh2+ 19. Ke2 Kb8 20. Be3
Qxb2 21. Qxb2 Bxb2 22. Rab1 Bxa3 23. Kf2 h4 24. Kg1 Bd6 25. f4 Nf3+ 26. gxf3
Rhg8+ 27. Kf2 Rg3 28. Rh1 Rdg8 29. Bg4 f5 30. Rxh4 fxg4 31. Kxg3 gxf3+ 32. Kxf3
d4+ 33. Ke2 dxe3 34. Kxe3 Rg3+ 35. Kd4 Rf3 36. Rh8+ Kc7 37. Rh7+ Kd8 38. Rh8+
Ke7 39. Rh7+ Kf6 40. Rh6+ Kf5 41. Rh5+ Kg4 42. Rh8 Rxf4+ 43. Ke3 Bc5+ 44. Ke2
Rf2+ 45. Kd3 Rxa2 46. Rg8+ Kf4 47. Rf1+ Ke5 48. Kc4 Rc2+ 49. Kb3 Re2 50. Rg5+
Kd6 51. Rd1+ Bd5+ 52. Kc3 b5 0-1

[Event "East Lansing (MOR/6/36)"]
[Site "?"]
[Date "1993.??.??"]
[Round "?"]
[White "Rosebrook, G."]
[Black "Dohm, F."]
[Result "1-0"]
[WhiteElo "1605"]
[BlackElo "1605"]
[PlyCount "69"]
[EventDate "1993.??.??"]

{6/(36)} 1. e4 e5 2. Nf3 Nc6 3. Bc4 Qe7 4. c3 Nf6 5. d3 b6 6. Bg5 Bb7 7. Bd5 h6
8. Bxc6 Bxc6 9. Bh4 Qd6 10. Bg3 Qe6 11. Nxe5 Bb7 12. Nd2 d6 13. Qa4+ Ke7 14.
Nef3 c6 15. O-O Kd7 16. Rfe1 Be7 17. h3 Bd8 18. Nd4 b5 19. Qd1 Qe8 20. N2f3 g6
21. e5 Qf8 22. exf6 Bxf6 23. Nb3 Re8 24. Nfd4 a6 25. Qg4+ Kd8 26. Na5 Kc7 27.
Nxb7 Kxb7 28. Qd7+ Kb6 29. Qxc6+ Ka7 30. Bxd6 Rxe1+ 31. Rxe1 Qa8 32. Bc5+ Kb8
33. Qxf6 Rc8 34. Qd6+ Kb7 35. Qb6# 1-0

[Event "Flint (MI Senior/2)"]
[Site "?"]
[Date "1993.??.??"]
[Round "?"]
[White "Rosebrook, G."]
[Black "Brady, Lindell"]
[Result "0-1"]
[WhiteElo "1605"]
[BlackElo "1945"]
[PlyCount "70"]
[EventDate "1993.??.??"]

1. e4 e5 2. Nf3 Nc6 3. c3 d6 4. Bc4 Be7 5. d4 Nf6 6. d5 Nb8 7. Nbd2 O-O 8. h3
Nbd7 9. Bb3 h6 10. Qc2 Nc5 11. O-O Nxb3 12. Qxb3 Nh5 13. Re1 Nf4 14. c4 c6 15.
Nf1 g5 16. Bxf4 gxf4 17. N3h2 Kh7 18. Qd1 Rg8 19. Qh5 Rg6 20. Nd2 Qg8 21. Qf3
Bd7 22. Kh1 Qg7 23. Rg1 Rg8 24. a3 Bh4 25. Raf1 a5 26. g4 fxg3 27. fxg3 Bxh3
28. Qxf7 Bxf1 29. Qxg7+ R8xg7 30. Ndxf1 Bxg3 31. Nf3 Bf4 32. Rxg6 Rxg6 33. Nh4
Rg4 34. Nf5 Bc1 35. Nh2 Rxe4 0-1